Nuovo dizionario spagnolo-italiano e italiano-spagnolo, i /
Guardado en:
| Autor Principal: | |
|---|---|
| Formato: | Libro |
| Publicado: |
Torino :
Paravia,
1963.
|
| Edición: | 6a. ed. |
| Materias: | |
| Etiquetas: |
Agregar Etiqueta
Sin Etiquetas, Sea el primero en etiquetar este registro!
|
| LEADER | 00565nam a22001935a 4500 | ||
|---|---|---|---|
| 001 | EHU.bham039773 | ||
| 003 | AR-BHAM | ||
| 005 | 20090217145618.0 | ||
| 008 | 130507s1963##################000#0#####d | ||
| 082 | C | 4 | |a 453.6 |
| 100 | 1 | |a Ambruzzi, Lucio | |
| 245 | 1 | 0 | |a Nuovo dizionario spagnolo-italiano e italiano-spagnolo, i / |c Lucio Ambruzzi |
| 250 | |a 6a. ed. | ||
| 260 | |a Torino : |b Paravia, |c 1963. | ||
| 300 | |a 1130 p. | ||
| 505 | 0 | |a VOLUME PRIMO: SPAGNOLO-ITALIANO. | |
| 653 | |a Diccionarios | ||
| 653 | |a Italiano-diccionarios | ||
| 859 | |a AR-BHAM |h 453.6 |i Am18 |k C |p 9994.70 |t Ej.1 |v I | ||
